000 00732nam a2200205 a 4500
005 20140310183601.0
008 111128s19uu xx 00 eng d
020 _a0804749450
050 _aHQ 792.P5
_b.P37 2005
100 _aParrenas, Rhacel Salazar.
245 _aChildren of global migration :
_bTransnational families and gendered woes /
_cRhacel Salazar Parrenas.
260 _aStanford, California :
_bStanford University Press,
_c2005.
300 _a212 p. :
_c23 cm.
650 _aChildren of alien laborers
_xPhilippines
_xAttitudes
650 _aParental deprivation
_xPhilippines
650 _aFamily
_xPhilippines
650 _aAlien labor, Philippine
_xForeign countries
942 _cBK
_2lcc
_kLOC
999 _c25090
_d25090